[Event "CRO Cup"]
[Site "Mali Losinj"]
[Date "2023.05.10"]
[Round "1.1"]
[White "Cucancic, Sinisa"]
[Black "Saric, Ivan"]
[Result "0-1"]
[WhiteElo "2214"]
[BlackElo "2667"]
[PlyCount "38"]
[EventDate "2023.05.10"]
[EventType "team-swiss"]
[EventRounds "6"]
[EventCountry "CRO"]
[SourceTitle "CBM 214 Extra"]
[Source "ChessBase"]
[SourceDate "2023.07.31"]
[SourceVersion "1"]
[SourceVersionDate "2023.07.31"]
[SourceQuality "1"]
[WhiteTeam "Karlobag"]
[BlackTeam "Rijeka Liburnija"]
[WhiteTeamCountry "CRO"]
[BlackTeamCountry "CRO"]

1. b3 g6 2. Bb2 Nf6 3. c4 Bg7 4. Nf3 0-0 5. e3 d6 6. d4 e5 7. dxe5 dxe5 8. Nc3 Qe7 9. Be2 Rd8 10. Qc1 e4 11. Nd2 Na6 12. 0-0 Nb4 13. Rd1 Bg4 14. Ba3 c5 15. Bxg4 Nd3 16. Qc2 Nxg4 17. Ndxe4 Bxc3 18. Nxc3 Qe5 19. g3 Ndxf2 0-1

[Event "Malinska Krk op"]
[Site "Malinska"]
[Date "2019.10.31"]
[Round "1"]
[White "Cucancic, Sinisa"]
[Black "Colev, Ivor"]
[Result "1-0"]
[WhiteElo "2237"]
[BlackElo "1803"]
[PlyCount "155"]
[EventDate "2019.10.30"]
[EventType "swiss"]
[EventRounds "5"]
[EventCountry "CRO"]
[SourceTitle "CBM 192 Extra"]
[Source "Chessbase"]
[SourceDate "2019.11.06"]
[SourceVersion "1"]
[SourceVersionDate "2019.11.06"]
[SourceQuality "1"]

1. e4 c5 2. b3 d6 3. Bb2 e6 4. g3 Nf6 5. Bg2 Be7 6. Ne2 Nc6 7. 0-0 0-0 8. d4 cxd4 9. Nxd4 Bd7 10. c4 Nxd4 11. Qxd4 Qc7 12. Nc3 a6 13. Rac1 Rac8 14. Rfd1 Rfd8 15. a3 Qb8 16. Rd2 Bc6 17. Rdc2 b5 18. Na2 Qb7 19. cxb5 axb5 20. Nb4 e5 21. Qd3 Bd7 22. Nd5 Nxd5 23. Qxd5 Qxd5 24. exd5 Bg5 25. Rxc8 Rxc8 26. Rxc8+ Bxc8 27. a4 b4 28. Bf1 Bd8 29. Bc1 Bb7 30. Bc4 Kf8 31. Bd2 Ba5 32. Kg2 Ke7 33. g4 g6 34. g5 f5 35. gxf6+ Kxf6 36. Kf3 Kf5 37. Bd3+ Kf6 38. Be4 Bc8 39. Ke2 Ba6+ 40. Bd3 Bb7 41. Be4 Ba6+ 42. Kf3 Bc8 43. Be3 Ba6 44. Ba7 Bc7 45. h4 h6 46. Be3 Kg7 47. Ba7 Kf6 48. Be3 Kg7 49. Bc2 Bd8 50. Ba7 Bc7 51. a5 Bxa5 52. Bb8 Kf6 53. Bxd6 Bc8 54. Bf8 h5 55. Bd3 Bg4+ 56. Kg3 Kf7 57. Bc5 Bc7 58. Bc4 Ba5 59. f3 Bd7 60. Bd6 Kf6 61. Kf2 Kf5 62. Bd3+ Kf6 63. Ke2 Be8 64. Ke3 Bd7 65. Ke2 Be8 66. Ba6 Bd7 67. Bb7 Kf5 68. Bc6 Bc8 69. Be7 Ba6+ 70. Kd2 Bc8 71. Ke1 e4 72. fxe4+ Kxe4 73. d6+ Kf4 74. d7 Bxd7 75. Bxd7 Kg3 76. Be8 Kg4 77. Bxg6 Bc7 78. Ke2 1-0

[Event "Rijeka Paris Memorial 38th"]
[Site "Rijeka"]
[Date "2017.11.10"]
[Round "8"]
[White "Tomulic, Teo"]
[Black "Cucancic, Sinisa"]
[Result "0-1"]
[WhiteElo "2223"]
[BlackElo "2242"]
[PlyCount "84"]
[EventDate "2017.11.04"]
[EventType "swiss"]
[EventRounds "9"]
[EventCountry "CRO"]
[SourceTitle "CBM 181 Extra"]
[Source "ChessBase"]
[SourceDate "2017.12.12"]
[SourceVersion "1"]
[SourceVersionDate "2017.12.12"]
[SourceQuality "1"]

1. e4 e5 2. Nf3 Nc6 3. Bb5 Nf6 4. 0-0 Nxe4 5. d4 Nd6 6. Bxc6 dxc6 7. dxe5 Nf5 8. Qe2 Nd4 9. Nxd4 Qxd4 10. Rd1 Qg4 11. f3 Qg6 12. c4 Bf5 13. Be3 Bc2 14. Rc1 Bd3 15. Qf2 Qe6 16. Nd2 Be7 17. Nb3 0-0 18. f4 f6 19. Nd4 Qf7 20. e6 Qh5 21. Rc3 Be4 22. f5 c5 23. Nb5 c6 24. Nc7 Rac8 25. Bf4 Qxf5 26. Rd1 Rfd8 27. Rcc1 Rd4 28. Re1 Bxg2 29. Be3 Bh3 30. Qxf5 Bxf5 31. Bxd4 cxd4 32. Nd5 cxd5 33. cxd5 Rd8 34. Rc7 Kf8 35. Rxb7 d3 36. Kf2 Rxd5 37. Ke3 d2 38. Rd1 Bc5+ 39. Kf3 Bc2 40. Rd7 Bxd1+ 41. Kg3 Rxd7 42. exd7 Ke7 0-1

[Event "Rijeka Paris Memorial 38th"]
[Site "Rijeka"]
[Date "2017.11.08"]
[Round "6"]
[White "Cucancic, Sinisa"]
[Black "Safar, Sandro"]
[Result "1/2-1/2"]
[WhiteElo "2242"]
[BlackElo "2235"]
[PlyCount "86"]
[EventDate "2017.11.04"]
[EventType "swiss"]
[EventRounds "9"]
[EventCountry "CRO"]
[SourceTitle "CBM 181 Extra"]
[Source "ChessBase"]
[SourceDate "2017.12.12"]
[SourceVersion "1"]
[SourceVersionDate "2017.12.12"]
[SourceQuality "1"]

1. e4 c5 2. Nf3 Nc6 3. d4 cxd4 4. Nxd4 g6 5. c4 Bg7 6. Be3 d6 7. Nc3 Nf6 8. Be2 0-0 9. 0-0 Bd7 10. f3 Nxd4 11. Bxd4 Bc6 12. Qd2 Nd7 13. Rac1 Bxd4+ 14. Qxd4 a5 15. Rfd1 Qb6 16. Qxb6 Nxb6 17. Nd5 Bxd5 18. exd5 Rfc8 19. Rd2 Rc5 20. Rdc2 Rac8 21. Bd3 Kg7 22. Kf2 Kf6 23. f4 h6 24. b3 R5c7 25. Ke3 Nd7 26. Kd2 Nc5 27. Rc3 Rd8 28. Bc2 e6 29. dxe6 fxe6 30. Rg3 Rg7 31. Kc3 d5 32. Rd1 Rc8 33. a3 dxc4 34. b4 axb4+ 35. axb4 Nd3 36. Bxd3 cxd3+ 37. Kb3 Rc2 38. Rdxd3 Rgc7 39. Rd8 Rf2 40. Rg8 Rg7 41. Rf8+ Ke7 42. Rb8 Kf6 43. Rf8+ Ke7 1/2-1/2

[Event "Rijeka Paris Memorial 38th"]
[Site "Rijeka"]
[Date "2017.11.06"]
[Round "4"]
[White "Loncar, Robert"]
[Black "Cucancic, Sinisa"]
[Result "1-0"]
[WhiteElo "2398"]
[BlackElo "2242"]
[PlyCount "62"]
[EventDate "2017.11.04"]
[EventType "swiss"]
[EventRounds "9"]
[EventCountry "CRO"]
[SourceTitle "CBM 181 Extra"]
[Source "ChessBase"]
[SourceDate "2017.12.12"]
[SourceVersion "1"]
[SourceVersionDate "2017.12.12"]
[SourceQuality "1"]

1. d4 Nf6 2. Nf3 g6 3. Nc3 d5 4. Bf4 Bg7 5. Nb5 Na6 6. e3 c6 7. Nc3 Bf5 8. Bxa6 bxa6 9. h3 c5 10. dxc5 Qa5 11. Qd4 0-0 12. Be5 Rfd8 13. a3 Rdc8 14. b4 Qd8 15. Rc1 Qe8 16. 0-0 Rd8 17. Rfd1 Rac8 18. Rd2 Qc6 19. e4 Be6 20. exd5 Bxd5 21. Bxf6 Bxf3 22. Qxd8+ Rxd8 23. Rxd8+ Bf8 24. Bxe7 Bxg2 25. Bxf8 h5 26. Re1 Bh1 27. Nd5 Bxd5 28. Be7+ Kh7 29. Rd6 Qb7 30. Bf6 Be6 31. c6 Qc7 1-0

[Event "CRO-chT2 West"]
[Site "Croatia"]
[Date "2017.04.09"]
[Round "6.2"]
[White "Cucancic, Sinisa"]
[Black "Grbac, Boris"]
[Result "1/2-1/2"]
[WhiteElo "2232"]
[BlackElo "2127"]
[PlyCount "67"]
[EventDate "2017.03.25"]
[EventType "team-tourn"]
[EventRounds "9"]
[EventCountry "CRO"]
[SourceTitle "EXT 2020"]
[Source "ChessBase"]
[SourceDate "2019.10.17"]
[SourceVersion "1"]
[SourceVersionDate "2019.10.17"]
[SourceQuality "1"]

1. Nf3 g6 2. c4 Bg7 3. d4 c5 4. Nc3 cxd4 5. Nxd4 Nc6 6. e3 d6 7. Be2 Nh6 8. 0-0 0-0 9. Qd2 Bd7 10. Nc2 Qa5 11. Rb1 Ng4 12. h3 Nf6 13. b4 Qg5 14. f4 Qh4 15. Bf3 Rac8 16. Nd5 Rfe8 17. e4 Nh5 18. Bxh5 Qxh5 19. Bb2 e5 20. b5 Nb8 21. Nce3 Be6 22. f5 Bxd5 23. Qxd5 Qg5 24. Ng4 h5 25. fxg6 Qxg6 26. Ne3 Nd7 27. Qxb7 Nc5 28. Qd5 Nxe4 29. Nf5 Ng5 30. Kh1 Bf8 31. Ba3 Qe6 32. h4 Rxc4 33. Qxe6 Nxe6 34. Bxd6 1/2-1/2

[Event "CRO-chT2W"]
[Site "Croatia"]
[Date "2016.04.10"]
[Round "6.2"]
[White "Medancic, Rikard"]
[Black "Cucancic, Sinisa"]
[Result "1/2-1/2"]
[WhiteElo "2242"]
[BlackElo "2229"]
[PlyCount "20"]
[EventDate "2016.03.05"]
[EventType "team-tourn"]
[EventRounds "9"]
[EventCountry "CRO"]
[SourceTitle "EXT 2017"]
[Source "ChessBase"]
[SourceDate "2016.10.25"]
[SourceVersion "1"]
[SourceVersionDate "2016.10.25"]
[SourceQuality "1"]
[WhiteTeam "Rijeka Kvarner"]
[BlackTeam "Karlobag"]
[WhiteTeamCountry "CRO"]
[BlackTeamCountry "CRO"]

1. d4 d5 2. Nf3 Nf6 3. Bg5 e6 4. e3 Be7 5. Bd3 h6 6. Bh4 Nbd7 7. c3 c6 8. Nbd2 b6 9. 0-0 Bb7 10. Qe2 0-0 1/2-1/2

[Event "CRO-chT2W"]
[Site "Croatia"]
[Date "2016.03.05"]
[Round "1.2"]
[White "Mufic, Goran"]
[Black "Cucancic, Sinisa"]
[Result "1/2-1/2"]
[WhiteElo "2282"]
[BlackElo "2229"]
[PlyCount "92"]
[EventDate "2016.03.05"]
[EventType "team-tourn"]
[EventRounds "9"]
[EventCountry "CRO"]
[SourceTitle "CBM 171 Extra"]
[Source "ChessBase"]
[SourceDate "2016.04.26"]
[SourceVersion "1"]
[SourceVersionDate "2016.04.26"]
[SourceQuality "1"]
[WhiteTeam "Rijeka Junior"]
[BlackTeam "Karlobag"]
[WhiteTeamCountry "CRO"]
[BlackTeamCountry "CRO"]

1. e4 c5 2. c3 e6 3. d4 d5 4. e5 Nc6 5. Nf3 Qb6 6. Bd3 cxd4 7. cxd4 Bd7 8. Nc3 Nxd4 9. Nxd4 Qxd4 10. 0-0 a6 11. Qe2 g6 12. Rd1 Qb6 13. b3 Bg7 14. Na4 Qd8 15. Nc5 Bc6 16. b4 Ne7 17. Bg5 0-0 18. Rac1 Re8 19. a4 h6 20. Bxe7 Rxe7 21. f4 Rc8 22. Qb2 Be8 23. Rc2 Rec7 24. Rdc1 Qe7 25. Qd4 Bf8 26. a5 Rc6 27. g3 Qc7 28. Qf2 Bxc5 29. Rxc5 Qe7 30. Rxc6 Rxc6 31. Rxc6 Bxc6 32. Qb6 Qd7 33. Qd4 Bb5 34. Bc2 Bc4 35. Kf2 Qb5 36. Qc5 Qd7 37. Ke3 Bb5 38. Kd4 Kg7 39. h4 Qd8 40. Qd6 Qc8 41. Qc5 Qd7 42. g4 Ba4 43. Bd3 Bb5 44. Bxb5 axb5 45. g5 hxg5 46. hxg5 Kg8 1/2-1/2

[Event "Rijeka Liburnija op 05"]
[Site "Rijeka"]
[Date "2014.05.22"]
[Round "3"]
[White "Cucancic, Sinisa"]
[Black "Levar, Nenad"]
[Result "1-0"]
[WhiteElo "2273"]
[BlackElo "2100"]
[PlyCount "67"]
[EventDate "2014.05.20"]
[EventType "swiss"]
[EventRounds "9"]
[EventCountry "CRO"]
[SourceTitle "CBM 160 Extra"]
[Source "ChessBase"]
[SourceDate "2014.07.01"]
[SourceVersion "1"]
[SourceVersionDate "2014.07.01"]
[SourceQuality "1"]

1. d4 d5 2. c4 c6 3. e3 Nf6 4. Nc3 g6 5. Nf3 Bg7 6. Be2 0-0 7. 0-0 Bf5 8. Qb3 Qb6 9. Qxb6 axb6 10. cxd5 Nxd5 11. Nxd5 cxd5 12. Bd2 Nc6 13. Rfc1 Rfc8 14. Bb5 Bd7 15. Rc3 f6 16. a3 e5 17. Rb3 exd4 18. Nxd4 Nxd4 19. exd4 Bc6 20. Bf1 f5 21. Bc3 Ra4 22. Rd1 Re8 23. Rxb6 Re4 24. Bd3 Re7 25. Bb5 Bxb5 26. Rxb5 Rd7 27. Kf1 Kf7 28. Ke2 Rc4 29. Kd3 Bf6 30. Re1 Rc6 31. Rc5 Ra6 32. Rc8 Re7 33. Rxe7+ Kxe7 34. Rc7+ 1-0

[Event "Rijeka Liburnija op 05"]
[Site "Rijeka"]
[Date "2014.05.20"]
[Round "1"]
[White "Cucancic, Sinisa"]
[Black "Beric, Zeljko"]
[Result "1/2-1/2"]
[WhiteElo "2273"]
[BlackElo "1840"]
[PlyCount "130"]
[EventDate "2014.05.20"]
[EventType "swiss"]
[EventRounds "9"]
[EventCountry "CRO"]
[SourceTitle "CBM 160 Extra"]
[Source "ChessBase"]
[SourceDate "2014.07.01"]
[SourceVersion "1"]
[SourceVersionDate "2014.07.01"]
[SourceQuality "1"]

1. Nf3 e6 2. c4 f5 3. g3 Nf6 4. Bg2 Be7 5. 0-0 0-0 6. Nc3 d6 7. d4 Ne4 8. Qc2 Nxc3 9. Qxc3 Bf6 10. b3 c5 11. Bb2 Nc6 12. Qd2 cxd4 13. Nxd4 Nxd4 14. Bxd4 e5 15. Bb2 e4 16. Rad1 Qe7 17. Ba3 Rd8 18. Bxd6 Qf7 19. Qc2 Be6 20. Ba3 Bg5 21. e3 h5 22. Rxd8+ Rxd8 23. Rd1 Re8 24. h4 Bf6 25. Bb2 g5 26. Bxf6 Qxf6 27. hxg5 Qxg5 28. Qc3 h4 29. gxh4 Qg4 30. Rd4 Kf7 31. f4 Rg8 32. Rd2 Qxh4 33. Kf1 Rg3 34. Rf2 Qh2 35. Qd2 a5 36. Ke1 Qg1+ 37. Bf1 a4 38. Qe2 axb3 39. axb3 Rg8 40. Qh5+ Ke7 41. Qh7+ Qg7 42. Qxg7+ Rxg7 43. Rg2 Rh7 44. Kd2 b5 45. Kc3 bxc4 46. bxc4 Rh1 47. Be2 Kd6 48. Kd4 Rc1 49. Rg6 Rc2 50. c5+ Ke7 51. Bb5 Rc1 52. Rh6 Rd1+ 53. Kc3 Rc1+ 54. Kb4 Rb1+ 55. Ka5 Re1 56. Rh3 Rg1 57. Rh2 Re1 58. Re2 Rb1 59. Rc2 Rb3 60. Re2 Kd8 61. Re1 Kc7 62. Ba4 Rc3 63. Kb4 Rc4+ 64. Kb5 Rc3 65. Kb4 Rc4+ 1/2-1/2

[Event "CRO-chT2 West"]
[Site "Croatia"]
[Date "2014.03.16"]
[Round "3.14"]
[White "Cucancic, Sinisa"]
[Black "Zezelj, Milan"]
[Result "1-0"]
[WhiteElo "2255"]
[BlackElo "2022"]
[PlyCount "91"]
[EventDate "2014.03.15"]
[EventType "team-tourn"]
[EventRounds "9"]
[EventCountry "CRO"]
[SourceTitle "EXT 2019"]
[Source "ChessBase"]
[SourceDate "2018.10.10"]
[SourceVersion "1"]
[SourceVersionDate "2018.10.10"]
[SourceQuality "1"]
[WhiteTeam "Karlobag"]
[BlackTeam "Rijeka CC II"]
[WhiteTeamCountry "CRO"]
[BlackTeamCountry "CRO"]

1. e4 Nc6 2. d4 e5 3. d5 Nce7 4. c4 Nf6 5. Nc3 Ng6 6. Be3 Bb4 7. f3 0-0 8. a3 Bxc3+ 9. bxc3 d6 10. Bd3 Qe7 11. Ne2 Bd7 12. 0-0 b6 13. Qd2 Ne8 14. Ng3 f6 15. Rae1 Qf7 16. Nf5 Bxf5 17. exf5 Ne7 18. f4 Kh8 19. Rf3 Rg8 20. Ref1 c6 21. Be4 cxd5 22. cxd5 Rc8 23. Rd1 Nc7 24. fxe5 fxe5 25. f6 gxf6 26. Bg5 Ne8 27. Rdf1 Qg7 28. Bxf6 Nxf6 29. Rxf6 Rcf8 30. Rxd6 Rxf1+ 31. Kxf1 Rf8+ 32. Kg1 Qf7 33. h3 Qf1+ 34. Kh2 Rf4 35. Rd8+ Ng8 36. d6 Rf8 37. Rxf8 Qxf8 38. d7 Qd8 39. Qd6 Nf6 40. Qxe5 Kg7 41. Bf5 Kf8 42. Qd6+ Kg7 43. c4 h6 44. Kh1 h5 45. Be6 h4 46. Qd4 1-0

[Event "Rijeka Liburnija op"]
[Site "Rijeka"]
[Date "2014.01.21"]
[Round "6"]
[White "Cucancic, Sinisa"]
[Black "Monjac, Mislav"]
[Result "1-0"]
[WhiteElo "2266"]
[BlackElo "2148"]
[PlyCount "65"]
[EventDate "2014.01.17"]
[EventType "swiss"]
[EventRounds "9"]
[EventCountry "CRO"]
[SourceTitle "CBM 158 Extra"]
[Source "ChessBase"]
[SourceDate "2014.02.28"]
[SourceVersion "1"]
[SourceVersionDate "2014.02.28"]
[SourceQuality "1"]

1. Nf3 Nf6 2. c4 e6 3. g3 b6 4. Bg2 Bb7 5. 0-0 c5 6. Nc3 a6 7. b3 d6 8. Bb2 Nbd7 9. d4 cxd4 10. Qxd4 Qc7 11. Rfd1 Be7 12. Rac1 0-0 13. e4 Rfd8 14. h3 Rac8 15. Qe3 Qb8 16. Ne1 Qa8 17. Ba3 Nc5 18. Bxc5 Rxc5 19. Na4 Ra5 20. Qxb6 Rh5 21. e5 Ne4 22. exd6 Rxd6 23. Rxd6 Nxd6 24. Bxb7 Nxb7 25. Qc6 Qb8 26. Kg2 Ra5 27. Rd1 Nc5 28. Nxc5 Bxc5 29. Rd7 Bf8 30. Rb7 Qa8 31. a4 Rc5 32. Qd7 Rf5 33. Nd3 1-0